000 00295nam a22001337a 4500
008 170629b xxu||||| |||| 00| 0 eng d
020 _a9780205769834
041 _aeng
080 _a821
100 _a22
101 _aGJL
245 _aHOY DID SPANISH FOR REAL LIFE
_cMCMINN
942 _2udc
_cBK
999 _c19473
_d19473